000 00714nam a2200217Ia 4500
000 nam a22 i 4500
001 UNACH-7446
007 ta
008 221212s ||||fr|||| 00| | spa d
041 0 _aspa
082 0 4 _a616.89
_bPsiquiatría - Psicopatología - Enfermedades mentales
245 1 0 _aPsiquiatría concepto.
264 3 1 _a[Santiago] :
_aBuenos Aires :
_bMediterraneo Editorial,
_c[Fecha de publicación no identificada]
300 _a344 páginas :
_bilustraciones y tablas
336 _atexto
_btxt
_2rdacontent
337 _ano mediado
_bn
_2rdamedia
338 _avolumen
_bnc
_2rdacarrier
653 0 _aPsiquiatria - Psicopatología - Enfermedades mentales.
942 _2ddc
_c1
_n0
999 _c6014
_d6014